000 00767nam a2200181Ia 4500
008 100921s9999 xx 000 0 und d
082 _b13102
_a320 थ 78
100 _aठाकुर जनार्दन,अनु,वाळिंबे वि.स.
245 _aइंदिरा गांधींचे साथीदार.
260 _bउत्कर्ष प्रकाशन, पुणे.
_c1978
300 _a232
_b---
365 _b20
520 _aस.शा.राज्यशास्त्र.
630 _aइंदिरा गांधींचे साथीदार.
650 _aस.शा.राज्यशास्त्र.
730 _aइंदिरा गांधींचे साथीदार.
942 _cBOOK
999 _c762215
_d762212